000 00538nam a2200181Ia 4500
003 OSt
005 20240611101150.0
008 210210b1935 xxu||||| |||| 00| 0 eng d
040 _cAL
041 _aKannada
082 _a852/263
100 _aCHIDAMBARAYYA HOSAKERE
_9157816
_d ಚಿದಂಬರಯ್ಯ ಹೊಸಕೆರೆ
245 _aAtmashaktiya Tejassu
_b ಆತ್ಮಶಕ್ತಿಯ ತೇಜಸ್ಸು
260 _aBengaluru
_b-
_c1935
690 _aKannada Prose
_9157817
906 _a018831
942 _2ddc
_cBK
999 _c142385
_d142385